000 00664nam a22001937a 4500
005 20100809101316.0
010 _aENG-98919
020 _c125.00
035 _aEN-82451
037 _bDBAD/PUB
082 _a342.54
100 _aMeenatchi, M.
_98972
245 _aMedival India in administration /
_cby M.Meenatchi
260 _aChennai
_bPavai Publications
_c2008
270 _a142, Jani Jankan Street, Royapettai
_bChennai
_e600014
300 _a498p.
_c20cm (pbk)
942 _2ddc
_cEN
_h342.54
_mMEE
999 _c40225
_d40225